000 006670000a22002050004500
999 _c48811
_d48811
001 1653
003 CO-MdFUSB
005 20171006153557.0
008 171006b xxu||||| |||| 00| 0 eng d
020 _a978-958-30-0256-4
040 _cCO-MdBIC
082 0 4 _a610 H225p
245 1 0 _aPrimeros auxilios : manual de consulta / Consultores y asociados Felipe Harker Delgado ; Fernando Pinzón A. ; Mauricio Molina Achuri.
250 _aEdición Gabriel Silva Rincón
260 _aBogotá : Panamericana Editorial
300 _a256 P.
500 _aIncluye bibliografías
650 1 4 _aPrimeros auxilios - Manuales \ Urgencias médicas - Manuales
942 _cLGB